[Event "IECG WC.2003.F.00007 email"]
[Site "IECG email"]
[Date "2003.12.20"]
[Round "?"]
[White "Holmberg, Per Arne"]
[Black "Shutov, Andry"]
[Result "1-0"]
[WhiteElo "1673"]
[BlackElo "1739"]
[PlyCount "55"]
[EventDate "2003.12.20"]
[EventType "tourn (corr)"]
[EventRounds "14"]
[SourceTitle "Corr 2008"]
[Source "ChessBase"]
[SourceDate "2008.06.24"]
[SourceVersion "1"]
[SourceVersionDate "2008.06.24"]
[SourceQuality "1"]

1. e4 Nf6 2. e5 Nd5 3. Nc3 e6 4. d4 d6 5. Nf3 dxe5 6. Nxe5 Bb4 7. a3 Bxc3+ 8. bxc3 0-0 9. Bd3 Nd7 10. c4 N5f6 11. 0-0 Nxe5 12. dxe5 Nd7 13. Bf4 Qh4 14. Bg3 Qe7 15. Qh5 h6 16. Bf4 Rd8 17. Rfe1 Nc5 18. Bxh6 Nxd3 19. cxd3 Rxd3 20. Bxg7 Kxg7 21. Re4 f5 22. Rh4 Bd7 23. Qh7+ Kf8 24. Qh8+ Kf7 25. Rh7+ Kg6 26. Rh6+ Kg5 27. h4+ Kf4 28. Qxa8 1-0

[Event "IECG WC.2003.F.00007 email"]
[Site "IECG email"]
[Date "2003.12.20"]
[Round "?"]
[White "Holmberg, Per Arne"]
[Black "Slavin, Pablo"]
[Result "1/2-1/2"]
[WhiteElo "1673"]
[BlackElo "1344"]
[PlyCount "75"]
[EventDate "2003.12.20"]
[EventType "tourn (corr)"]
[EventRounds "14"]
[SourceTitle "Corr 2008"]
[Source "ChessBase"]
[SourceDate "2008.06.24"]
[SourceVersion "1"]
[SourceVersionDate "2008.06.24"]
[SourceQuality "1"]

1. e4 e5 2. f4 exf4 3. Bc4 Nf6 4. Nc3 c6 5. Qf3 d5 6. exd5 Bd6 7. Qe2+ Be7 8. Nf3 cxd5 9. Bb3 0-0 10. 0-0 Nc6 11. d4 Bg4 12. Qd3 Bd6 13. Nxd5 Nxd5 14. Bxd5 Nb4 15. Qb3 Qc7 16. Rf2 Rfe8 17. Bd2 Nxd5 18. Qxd5 Rad8 19. c3 h6 20. b3 Re6 21. h3 Be5 22. Qc4 Qxc4 23. bxc4 Bxf3 24. gxf3 Bc7 25. c5 Rd5 26. Kf1 Kf8 27. Rd1 Rh5 28. Rh2 Ra6 29. Rb1 b6 30. cxb6 axb6 31. c4 Ke8 32. Bb4 Kd7 33. Rbb2 b5 34. cxb5 Rxb5 35. Bf8 Rxb2 36. Rxb2 g5 37. Re2 Rf6 38. Re7+ 1/2-1/2

[Event "IECG CP.2003.P.00031 email"]
[Site "IECG email"]
[Date "2003.10.01"]
[Round "?"]
[White "Bandiera, Aurelio"]
[Black "Holmberg, Per Arne"]
[Result "1-0"]
[WhiteElo "2020"]
[BlackElo "1606"]
[PlyCount "53"]
[EventDate "2003.10.01"]
[EventType "tourn (corr)"]
[EventRounds "6"]
[EventCountry "ITA"]
[SourceTitle "Corr 2008"]
[Source "ChessBase"]
[SourceDate "2008.06.24"]
[SourceVersion "1"]
[SourceVersionDate "2008.06.24"]
[SourceQuality "1"]

1. e4 e5 2. f4 exf4 3. Nf3 g5 4. d4 g4 5. Bxf4 gxf3 6. Qxf3 Nc6 7. Bc4 d5 8. Bxd5 Nxd4 9. Bxf7+ Kxf7 10. Qh5+ Kg7 11. Be5+ Nf6 12. 0-0 Be7 13. Qg5+ Kf7 14. Qh5+ Ke6 15. Bxf6 Bxf6 16. Nc3 Bg5 17. Rad1 Qg8 18. Nd5 Qg7 19. h4 c6 20. hxg5 cxd5 21. Rf6+ Ke7 22. Rxd4 Rf8 23. Rxd5 Rxf6 24. gxf6+ Qxf6 25. Qxh7+ Ke8 26. Qh5+ Ke7 27. e5 1-0